| 000 | 00784nam a2200253Ia 4500 | ||
|---|---|---|---|
| 003 | OSt | ||
| 005 | 20220924114557.0 | ||
| 006 | a|||||r|||| 00| 0 | ||
| 007 | ta | ||
| 008 | 220923b |||||||| |||| 00| 0 san d | ||
| 020 | _cINR 500.00 | ||
| 024 | _a348416 | ||
| 037 |
_b463, 16/03/2019, Vidyanidhi Prakashan _cTextual |
||
| 040 |
_aARTS _cARTS _bsan |
||
| 041 |
_2san _asan |
||
| 082 | _aO15,1F00,1, Q8 | ||
| 100 |
_aJayadeva Au. _9174347 |
||
| 245 | 0 | _aGitagovindam | |
| 260 |
_aBengaluru _bJwalamukhi Mudranalaya Pvt. Ltd. India _c2018 |
||
| 300 |
_a360p. _ccm. |
||
| 700 |
_a P. Krishnamachar Tr. _9174348 |
||
| 942 |
_hO15,1F00,1, Q8 _cTEXL _2CC |
||
| 999 |
_c394286 _d394286 |
||